| 000 | 01447cam a22003251 4500 | ||
|---|---|---|---|
| 001 | gs 40000191 | ||
| 003 | DLC | ||
| 005 | 20260227111345.0 | ||
| 008 | 770803s1940 dcu b 000 0 eng c | ||
| 010 | _ags 40000191 | ||
| 035 | _a(OCoLC)3158735 | ||
| 040 |
_aU. S. Geol. survey, Library _cOC _dOCoLC _dDLC |
||
| 050 | 0 | 0 |
_aQE75 _b.B9 no. 901 |
| 051 |
_aTN942 _b.L35 _cCopy 2. |
||
| 082 | _a557.3 s | ||
| 100 | 1 |
_aLang, Walter Barnes, _d1890- |
|
| 245 | 0 | 0 |
_aClay investigations in the southern states 1934-35. _cReports by W. B. Lang, P. B. King, M. N. Bramlette, T. N. McVay, H. X. Bay, and A. C. Munyan. With an introduction by G. R. Mansfield. |
| 260 |
_aWashington, _bU.S. Govt. print. off., _c1940. |
||
| 300 |
_ax, 346 p. incl. illus., plans, tables, diagrs. _b8 pl. (incl. 7 fold. maps (1 in pocket)) _c23 cm. |
||
| 490 | 0 |
_aU.S. Geological survey. Bulletin _v901 |
|
| 500 | _aProjects conducted by the Geological survey under grants from the Federal emergency administration of public works. | ||
| 504 | _aBibliographical foot-notes. | ||
| 650 | 0 |
_aClay _zSouthern States. |
|
| 700 | 1 |
_aKing, Philip Burke, _d1903- _ejoint author. |
|
| 700 | 1 |
_aBramlette, M. N. _q(Milton Nunn), _d1896-1977, _ejoint author. |
|
| 700 | 1 |
_aMcVay, Thomas Newkirk, _d1891- _ejoint author. |
|
| 700 | 1 |
_aBay, Harry X., _d1906- _ejoint author. |
|
| 700 | 1 |
_aMunyan, Arthur Claude, _d1908- _ejoint author. |
|
| 700 | 1 |
_aMansfield, George Rogers, _d1875-1947. |
|
| 999 |
_c27637 _d27637 |
||